000 00465nam a2200169 a 4500
005 20140310183204.0
008 030130s19uu xx 00 eng d
050 _aRG 551
_b.K41 1987
100 _aKerr, Mary Brandt
245 _aThe Joy of pregnancy /
_cMary Brandt Kerr.
260 _aHong Kong :
_bGolden Apple Trademark,
_c1987.
300 _a96 p. :
_bcol. ill. ;
_c18 cm.
521 _aNUR
650 _aPregnancy
942 _cBK
_2lcc
_kFOR
999 _c19949
_d19949